Código procesal penal: edición oficial, aprobada por decreto N§1001, de 30 de octubre de 2000, del Ministerio de Justicia

Salvato in:
Dettagli Bibliografici
Natura: Libro
Lingua:spagnolo
Pubblicazione: Santiago Jurídica de Chile 2000
Edizione:1a. ed
Soggetti:
Tags: Aggiungi Tag
Nessun Tag, puoi essere il primo ad aggiungerne!!

MARC

LEADER 00000cam a2200000 a 4500
001 UCO8907
003 CL-VaPUC
008 010105e20000000CL |||||||||||||||||spa|d
020 |a 9561013304 
082 0 4 |a 345.8305  |b COD  |2 21 
245 1 0 |a Código procesal penal: edición oficial, aprobada por decreto N§1001, de 30 de octubre de 2000, del Ministerio de Justicia 
250 |a 1a. ed 
300 |a 285 p 
942 |c BK 
945 |d 20010105 00:00:00  |a vberengu 
260 |a Santiago  |b Jurídica de Chile  |c 2000 
650 7 |a DETENCION  |2 CL-VaPUC  |9 351076 
650 0 |a Medidas cautelares  |9 256590 
650 0 |a Nulidad   |9 256755 
650 0 |a Nulidad procesal   |9 336734 
650 0 |a Prisión preventiva  |9 257600 
650 0 |a Recurso de apelación  |9 380716 
650 7 |a RECURSO DE REPOSICION  |2 CL-VaPUC  |9 451062 
650 7 |a RECURSOS  |2 CL-VaPUC  |9 338276 
583 |a last modification  |c 20131023 05:43:35  |k Rodrigo Vera 
999 |c 293326  |d 293324 
952 |0 0  |1 0  |2 ddc  |4 0  |5 1  |6 345_830500000000000_COD_2000  |7 1  |8 C_LRYV  |9 344789  |a FDOBRV  |b BIBDER  |d 2019-11-20  |i 3682617  |o 345.8305 COD 2000  |p 3682617  |r 2023-01-25  |w 2019-11-20  |y BK_X  |k DER 
952 |0 0  |1 0  |3 erb  |4 0  |6 345_830500000000000_COD_2000  |7 0  |8 X  |9 344791  |a FDOBRV  |b FDOBRV  |d 2019-11-20  |i 5020719  |o 345.8305 COD 2000  |p 5020719  |r 2023-01-25  |w 2019-11-20  |y BK_X  |z Catalogado en:20131025  |k BRV